| 000 | 00322nam a2200121Ia 4500 | ||
|---|---|---|---|
| 008 | 230907s9999||||xx |||||||||||||| ||und|| | ||
| 082 | _a333.7932,BEL | ||
| 100 |
_aBeli︠a︡ev, L. S. _9115242 |
||
| 245 | 0 | _aElectricity market reforms : | |
| 260 |
_aSpringer, _bNew York : _c2011 |
||
| 300 | _axvi, 252 p. : | ||
| 942 | _cBK | ||
| 999 |
_c597929 _d597929 |
||